Statistics for Random Soccer Teams

Click here to take the quiz!

General Stats

  • This quiz has been taken 49 times
  • The average score is 8 of 11

Answer Stats

Answer% Correct
Manchester City
95%
Manchester United
93%
PSG
93%
Celtic
91%
Liverpool
91%
Real Madrid
89%
Arsenal
86%
Barcelona
70%
Hull City
61%
Seattle Sounders
43%
St.louis City
9%

Score Distribution

Percentile by Number Answered

Percent of People with Each Score

Your Score History

You have not taken this quiz